Estrategia de control para VSI con filtro LC de dos etapas /
Guardado en:
| Otros Autores: | , , |
|---|---|
| Formato: | Manuscrito |
| Idioma: | Spanish |
| Publicado: |
2019.
|
| Materias: | |
| Acceso en línea: | Texto completo |
| Etiquetas: |
Agregar Etiqueta
Sin Etiquetas, Sea el primero en etiquetar este registro!
|
| LEADER | 01443ntm a22003375a 4500 | ||
|---|---|---|---|
| 001 | EUN.eunm007828 | ||
| 005 | 20190516075414.0 | ||
| 008 | 190509s2019####ag#a#####bm###000#0#spa#d | ||
| 082 | 0 | 4 | |a 040 |2 15 |
| 082 | 0 | 4 | |a 621.381532 |2 15 |
| 100 | 1 | |a Porras Fernández, David Arturo. |4 dis | |
| 245 | 1 | 0 | |a Estrategia de control para VSI con filtro LC de dos etapas / |c David Arturo Porras Fernández. |
| 260 | |c 2019. | ||
| 300 | |a xiii, 148 p. : |b il. ; |c 30 cm. | ||
| 500 | |a Directores de tesis: Jorge Solsona y Claudio Busada. | ||
| 500 | |a "Tesis de Magíster en Control de Sistemas". | ||
| 502 | |a Tesis (magíster)--Universidad Nacional del Sur. Departamento de Ingeniería Eléctrica y de Computadoras, 2019. | ||
| 504 | |a Incluye referencias bibliográficas. | ||
| 530 | |a Disponible también en formato digital. | ||
| 650 | 7 | |a Ingeniería. |2 unbist | |
| 650 | 7 | |a Electrónica. |2 unbist | |
| 653 | |a Inversor | ||
| 653 | |a Control | ||
| 653 | |a Energía renovable | ||
| 653 | |a Filtro LCLC | ||
| 700 | 1 | |a Solsona, Jorge Alberto. |4 ths | |
| 700 | 1 | |a Busada, Claudio Alberto. |4 ths | |
| 710 | 2 | |a Universidad Nacional del Sur. |b Departamento de Ingeniería Eléctrica y de Computadoras |4 dgg. | |
| 856 | 4 | 1 | |3 Texto completo |u http://repositoriodigital.uns.edu.ar/handle/123456789/4526 |
| 859 | |a AR-BaUNS |b BIB. CENTRAL - Tesis |h 040 |i B148 2019-1633 |k R |p 127047/019 | ||
| 859 | |a AR-BaUNS |b BIB. CENTRAL - Sector A - Tesis |h 040 |i B148 2019-1633 |p 127048/019 | ||
